Sabrina Carpenter (2021-Present) Discography - Statistics

General Stats
  • This quiz has been taken 32 times
    8 since last reset
  • The average score is 49 of 57
Answer Stats
# title % Correct
2. Please Please Please
100%
14. (feat. Dolly Parton) Please Please Please
100%
13. 15 Minutes
86%
6. Already Over
86%
1. A Nonsense Christmas
86%
12. Bad for Business
86%
17. Bad Reviews
86%
5. because i liked a boy
86%
6. Bed Chem
86%
8. bet u wanna
86%
16. Busy Woman
86%
2. buy me presents
86%
4. cindy lou who
86%
5. Coincidence
86%
15. Couldn't Make It Any Harder
86%
13. decode
86%
12. Don't Smile
86%
10. Don't Worry I'll Make You Worry
86%
8. Dumb & Poetic
86%
1. emails i can't send
86%
7. Espresso
86%
10. Fast Times
86%
15. Feather
86%
9. Go Go Juice
86%
12. Goodbye
86%
3. Good Graces
86%
11. House Tour
86%
7. how many things
86%
5. is it new years yet?
86%
10. Juno
86%
11. Lie To Girls
86%
16. Lonesome
86%
1. Manchild
86%
3. My Man on Willpower
86%
7. Never Getting Laid
86%
6. Nobody's Son
86%
9. Nonsense
86%
14. opposite
86%
3. Read your Mind
86%
3. santa doesn't know you like i do
86%
4. Sharpest Tool
86%
(2021) Skin
86%
11. skinny dipping
86%
9. Slim Pickins
86%
4. Sugar Talking
86%
1. Taste
86%
2. Tears
86%
(2025, Taylor Swift) The Life of a Showgirl
86%
17. things i wish you said
86%
4. Tornado Warnings
86%
2. Vicious
86%
5. We Almost Broke Up Again Last Night
86%
8. When Did You Get Hot?
86%
6. white xmas
86%
(2024, girl in red) You Need Me Now?
86%
(2023, Spotify Singles) I Knew You Were Trouble
71%
(2023, Charlie Puth, Dan + Shay) That's Not How This Works
71%
No matching quizzes found
Score Distribution
Percent of People with Each Score
Percentile by Number Answered
Your Score History
You have not taken this quiz since the last reset